000 00750nam a2200217Ii 4500
003 JO-AjNU
008 230605s9999||||xx |||||||||||||| ||und||
017 _a1990/1688
040 _aJO-AjNU
_bara
_erda
_cJO-AjNU
041 _aara
050 1 4 _aJX4115.S2288.1990
100 3 _a محمد ، صباح محمود ,
_eauthor
_916209
245 0 0 _aدراسات في جغرافية الصراع الدولي
250 _a(د،ط)
264 3 1 _aالجامعة المستنصرية ، 1990
300 _a211ص
336 _atext
_btxt
_2rdacontent
337 _aunmediated
_bn
_2rdamedia
338 _avolume
_bnc
_2rdacarrier
650 4 _aالمنازعات الدولية -- السياسة الدولية -- العلاقات الخارجية
_916210
999 _aA4753
_c8321
_d8321